000 00451nam a2200181Ia 4500
005 20240823060354.0
008 240823s9999||||xx |||||||||||||| ||und||
041 _aENGLISH
082 _A894.81111 Q7
100 _aJohn Samuel
245 0 _aThirukkural 2017 : International Conference on Thirukkural
250 _a1st
260 _c2017
_bInstitute of Asian St
500 _aYES
650 _aGeneral
_bGeneral
942 _cBK
999 _c230975
_d230975